000 00988nam a22003137a 4500
003 CHAP
005 20220329134121.0
008 971013s1981 r 10010 d
010 _a15635
011 _a16607
035 _a20689
040 _cCHAP
090 _aFolleto 5664 (1981)
111 0 0 _aGrupo Intergubernamental sobre Semillas Oleaginosas, Aceites y Grasas. Reunión (
_d1981
_d: 15
_c: Roma)
_950905
245 _aInforme
260 _aRoma :
_bFAO,
_c1981
300 _a11 p
490 _aFAO. CCP
_v; 81/6
590 _aBATCH-UPD
_b10
_c20130110
_lUCH01
_h2128
590 _aBATCH-UPD
_b10
_c20130410
_lUCH01
_h1437
590 _aBATCH-UPD
_b10
_c20130914
_lUCH01
_h1552
590 _aCONVERSION
_b10
_c20130109
_lUCH01
_h1310
650 1 4 _aGrasas y aceites
_xMercadeo.
_950448
650 1 4 _aSemillas oleaginosas
_xMercadeo.
_9103950
830 0 _aFAO. CCP
_v; 81/6
_939464
901 _aBK
942 _cFOLL
949 _aFolleto 5664 (1981)
_bBC
_cFAO
_d-48250
_eFAO1
_i20689
_mD
_si
999 _c15635
_d15635